00302 a2200133 4500003000500000005001700005040000900022082001100031100001600042245005900058260002700117300001000144650001400154Nust20170207153449.0 cNust a920.13 aInsha,Ibn-e aIbn-e- Batotta Ky Taquab mainbSafar NamacIbn-e-Insha aLahorebLahore Academy a294:p aBiography